书目信息 |
| 题名: |
中国通史
|
|
| 作者: | 乌兰其其格 , 张书珩 主编 | |
| 分册: | 下 | |
| 出版信息: | 呼和浩特 远方出版社 2004.08 |
|
| 页数: | 305-611页 | |
| 开本: | 20cm | |
| 丛书名: | 人文经典快读书系 | |
| 单 册: | ||
| 中图分类: | K209 | |
| 科图分类: | ||
| 主题词: | 中国--通史 | |
| 电子资源: | ||
| ISBN: | 7-80595-965-X | |
| 000 | 00668nam0 2200217 450 | |
| 001 | 0752890466 | |
| 005 | 20070319152035.29 | |
| 010 | @a7-80595-965-X@dCNY24.00 | |
| 100 | @a20070319d2004 km y0chiy0120 ea | |
| 101 | 0 | @achi |
| 200 | 1 | @a中国通史@Azhong guo tong shi@h下@f乌兰其其格,张书珩主编@Fwu lan qi qi ge,zhang shu heng zhu bian |
| 210 | @a呼和浩特@c远方出版社@d2004.08 | |
| 215 | @a305-611页@d20cm | |
| 225 | 2 | @a人文经典快读书系 |
| 410 | 0 | @12001 @a人文经典快读书系 |
| 606 | 0 | @a中国@x通史 |
| 690 | @aK209@v3 | |
| 701 | 0 | @a乌兰其其格@Awu lan qi qi ge@4主编 |
| 701 | 0 | @a张书珩@Azhang shu heng@4主编 |
| 801 | 0 | @aCN@c20070319 |
| 905 | @a10447@dK209@eW7131:2 | |
| 中国通史.下/乌兰其其格,张书珩主编.-呼和浩特:远方出版社,2004.08 |
| 305-611页;20cm.-(人文经典快读书系) |
| ISBN 7-80595-965-X:CNY24.00 |
| ● |
| 相关链接 |
|
|
|
正题名:中国通史
索取号:K209/W7131:2
 
预约/预借
| 序号 | 登录号 | 条形码 | 馆藏地/架位号 | 状态 | 备注 |
| 1 | 446254 | 204462544 | 社科库309/309社科库 32排1列1层/ [索取号:K209/W7131:2] | 在馆 | |
| 2 | 446255 | 204462553 | 自科二线404/400A自科库 2排2列5层/ [索取号:K209/W7131:2] | 在馆 | |
| 3 | 446256 | 204462562 | 社科库309/309社科库 32排1列1层/ [索取号:K209/W7131:2] | 在馆 |